International money and finance / (Record no. 18632)

MARC details
000 -LEADER
fixed length control field 01739cam a22002894a 4500
001 - CONTROL NUMBER
control field 17357705
005 - DATE AND TIME OF LATEST TRANSACTION
control field 20201128021128.0
008 - FIXED-LENGTH DATA ELEMENTS--GENERAL INFORMATION
fixed length control field 120622s2013 ne a b 001 0 eng
010 ## - LIBRARY OF CONGRESS CONTROL NUMBER
LC control number 2012025772
020 ## - INTERNATIONAL STANDARD BOOK NUMBER
International Standard Book Number 9780123852472 (alk. paper)
040 ## - CATALOGING SOURCE
Original cataloging agency DLC
Transcribing agency DLC
Modifying agency DLC
-- EG-ScBUE
082 00 - DEWEY DECIMAL CLASSIFICATION NUMBER
Classification number 332.042
Edition number 22
Item number MEL
100 1# - MAIN ENTRY--PERSONAL NAME
Personal name Melvin, Michael,
Dates associated with a name 1948-
9 (RLIN) 7631
245 10 - TITLE STATEMENT
Title International money and finance /
Statement of responsibility, etc Michael Melvin and Stefan C. Norrbin.
250 ## - EDITION STATEMENT
Edition statement 8th ed.
260 ## - PUBLICATION, DISTRIBUTION, ETC. (IMPRINT)
Place of publication, distribution, etc Waltham, United States ;
-- Oxford, United Kingdom :
Name of publisher, distributor, etc Elsevier Press,
-- Academic Press,
Date of publication, distribution, etc c.2013.
300 ## - PHYSICAL DESCRIPTION
Extent xviii, 316 p. :
Other physical details ill. ;
Dimensions 24 cm.
500 ## - GENERAL NOTE
General note Glossary : p. 301-306.
500 ## - GENERAL NOTE
General note Index : p. 307-316.
504 ## - BIBLIOGRAPHY, ETC. NOTE
Bibliography, etc Includes bibliographical references.
505 0# - FORMATTED CONTENTS NOTE
Formatted contents note The international monetary environment-The foreign exchange market-International monetary arrangements-The balance of payments-International parity conditions-Forward-looking instruments-The eurocurrency market-Exchange rates, interest rates, and interest parity-Prices and exchange rates : purchasing power parity-Risk and international capital flows-Foreign exchange risk and forecasting-Financial management of the multinational firm-International portfolio investment-Direct foreign investment and international lending-Modeling the exchange rate and balance of payments-Determinancts of the balance of trade-Open economy macroeconomics : the IS-LM-BP approach-Open economy macroeconomics : the monetary approach-Extensions to the monetary approach of exchange rate determination.
650 #0 - SUBJECT ADDED ENTRY--TOPICAL TERM
Topical term or geographic name as entry element International finance
9 (RLIN) 1619
653 ## - INDEX TERM--UNCONTROLLED
Resource For college BAEPS, Business Administration
Arrived date list November2014
655 ## - INDEX TERM--GENRE/FORM
Form subdivision
-- 34232
700 1# - ADDED ENTRY--PERSONAL NAME
Personal name Norrbin, Stefan C.
9 (RLIN) 36561
942 ## - ADDED ENTRY ELEMENTS (KOHA)
Source of classification or shelving scheme Dewey Decimal Classification
Call number prefix 332.042 MEL
Holdings
Withdrawn status Item status Source of classification or shelving scheme Damaged status Not for loan Vendor Home library Current library Shelving location Date acquired Source of acquisition Cost, normal purchase price Serial Enumeration / chronology Total Checkouts Total Renewals Full call number Barcode Date last seen Date last borrowed Cost, replacement price Koha item type
    Dewey Decimal Classification     Baccah Central Library Central Library First floor 17/11/2014   298.00 20677 1 4 332.042 MEL 000037015 15/07/2025 04/11/2018 372.50 Book - Borrowing